| 000 | 00826nac a22002291u 4500 | ||
|---|---|---|---|
| 010 | _a 2002071269 | ||
| 020 | _a0849301041 (alk. paper) | ||
| 082 | 0 | 0 |
_a629.231 _bHUA |
| 090 |
_c6504 _d6504 |
||
| 100 | _aHuang, Matthew. | ||
| 245 | 1 | 0 |
_aVehicle crash mechanics / _cMatthew Huang. |
| 260 |
_aBoca Raton, Fla. : _bCRC Press,2002 _cc2002. |
||
| 300 |
_axvi, 481 p. : _bill. ; _c27 cm. |
||
| 500 | _adistributer: Al-Ahram | ||
| 504 | _aIncludes bibliographical references and index. | ||
| 511 | _acatalogued by: wessam | ||
| 650 | 0 |
_aAutomobiles _xDynamics _xMathematics. |
|
| 650 | 0 |
_aAutomobiles _xCrashworthiness. |
|
| 650 | 0 | _aTraffic accidents. | |
| 856 | 4 | 2 |
_3Publisher description _uhttp://www.loc.gov/catdir/enhancements/fy0646/2002071269-d.html |
| 942 |
_cBB _k629.231 HUA |
||
| 999 |
_c6504 _d6504 |
||